ბათუმის შოთა რუსთაველის სახელმწიფო უნივერსიტეტის ბიბლიოთეკა

ნიადაგის მიკრობიოცენოზის როლი კახეთის რეგიონში მუნიციპალური მყარი ნარჩენების ორგანული კომპონენტის კომპოსტირებაში : (ბიბ.ჩანაწერი № 63643)

000 -ლიდერი
ფიქსირებული სიგრძის საკონტროლო ველი 01984nam a22002537a 4500
003 - საკონტროლო ნომრის იდენტიფიკატორი
საკონტროლო ველი Ge_BSU
005 - ბოლო ოპერაციის თარიღი და დრო
საკონტროლო ველი 20251120162131.0
008 - ფიქსირებული სიგრძის მონაცემთა ელემენტები - ზოგადი ინფორმაცია
ფიქსირებული სიგრძის საკონტროლო ველი 251120s2024 ge |||||s|||| 00| 0 geo d
020 ## - წიგნის საერთაშორისო სტანდარტული ნომერი
International Standard Book Number 9789941345609
041 ## - ენის კოდი
Language code of text/sound track or separate title geo
080 ## - უნივერსალური ათობითი კლასიფიკაციის ინდექსი
Universal Decimal Classification number 631.427.2 ნ-59
100 ## - მთავარი ჩანაწერი - პიროვნების სახელი
Personal name დავითაშვილი, მაგდა
9 (RLIN) 26293
245 ## - ცნობა სათაურის შესახებ
Title ნიადაგის მიკრობიოცენოზის როლი კახეთის რეგიონში მუნიციპალური მყარი ნარჩენების ორგანული კომპონენტის კომპოსტირებაში :
Statement of responsibility, etc მაგდა დავითაშვილი, დარეჯან მარგალიტაშვილი, ლამარა ზუროშვილი, ნანა ბერძენიშვილი; რედაქტორი ლევან შავაძე იაკობ გოგებაშვილის სახ. თელავის სახელმწ. უნივერსიტეტი
264 ## - წარმოების, გამოცემის, დისტრიბუციის და სხვა ცნობები
გამოცემის, წარმოების, დისტრიბუციის... ადგილი თბილისი :
გამოცემის, წარმოების, დისტრიბუციის... სახელწოდება მერიდიანი,
გამოცემის, წარმოების, დისტრიბუციის... თარიღი 2024.
300 ## - ფიზიკური აღწერა
Extent 156 გვ. :
Other physical details სურ., დიაგრ. ;
Dimensions 30 სმ.
504 ## - BIBLIOGRAPHY, ETC. NOTE
Bibliography, etc ბიბლიოგრაფია: გვ. 151-152.
653 ## - INDEX TERM--UNCONTROLLED
Uncontrolled term ნიადაგის მიკრობიოლოგია. კომპოსტი
700 ## - ADDED ENTRY--PERSONAL NAME
Personal name მარგალიტაშვილი, დარეჯან
Relator term ავტორი
9 (RLIN) 26294
700 ## - ADDED ENTRY--PERSONAL NAME
Personal name ზუროშვილი, ლამარა
Relator term ავტორი
9 (RLIN) 26295
700 ## - ADDED ENTRY--PERSONAL NAME
Personal name ბერძენიშვილი, ნანა
Relator term ავტორი
9 (RLIN) 26296
700 ## - ADDED ENTRY--PERSONAL NAME
Personal name შავაძე, ლევან
Relator term რედაქტორი
9 (RLIN) 26297
710 ## - ADDED ENTRY--CORPORATE NAME
Corporate name or jurisdiction name as entry element იაკობ გოგებაშვილის სახ. თელავის სახელმწ. უნივერსიტეტი.
9 (RLIN) 26298
942 ## - ADDED ENTRY ELEMENTS (KOHA)
Source of classification or shelving scheme
Koha item type წიგნი
ეგზემპლარები
ჩამოწერის სტატუსი დაკარგული ეგზემპლარის სტატუსი კლასიფიკაციის წყარო ან თაროზე გაწყობის სქემა დაზიანების სტატუსი არ გაიცემა მუდმივი მდებარეობა (დაცვის ადგილი) ამჟამინდელი ადგილსამყოფელი თაროზე განთავსების ადგილი შეძენის თარიღი ღირებულება, შესყიდვის ნორმალური ფასი სრული შენახვის შიფრი შტრიხკოდი ბოლო ოპერაციის თარიღი ეგზემპლარის მიმდევრობითი ნომერი (კეტერი?) ფასის ძალაში შესვლის თარიღი ეგზემპლარის სახეობა საჯარო შენიშვნა
          აგრარული და მემბრანული ტექნოლოგიების ინსტიტუტის ბიბლიოთეკა აგრარული და მემბრანული ტექნოლოგიების ინსტიტუტის ბიბლიოთეკა წიგნსაცავი 2025-11-20 10.00 631.427.2 ნ-59 73137 2025-11-20 73137 2025-11-20 წიგნი 10 ლ.
          ბათუმის შოთა რუსთაველის სახელმწიფო უნივერსიტეტის მთავარი ბიბლიოთეკა ბათუმის შოთა რუსთაველის სახელმწიფო უნივერსიტეტის მთავარი ბიბლიოთეკა წიგნსაცავი 2025-11-20 10.00 631.427.2 ნ-59 73138 2025-11-20 73138 2025-11-20 წიგნი 10 ლ.